Inmersión total: el nuevo método revolucionario para nadar mejor, más rápido y fácilmente

Zapisane w:
Opis bibliograficzny
Główni autorzy: Laughlin, Terry (Autor), Delves, John (Autor)
Format: Książka
Język:hiszpański
Wydane: Barcelona Paidotribo 2006
Wydanie:1a. ed
Hasła przedmiotowe:
Etykiety: Dodaj etykietę
Nie ma etykietki, Dołącz pierwszą etykiete!

MARC

LEADER 00000nam a2200000 a 4500
001 UCI9502
003 CL-VaPUC
008 081120e20060000SP |||||||||||||||||spa|d
020 |a 8480198877 
082 0 4 |a 797.21  |b LAU  |2 21 
100 |a Laughlin, Terry  |e author  |9 552480 
700 0 |a Delves, John  |e author  |9 533301 
245 1 0 |a Inmersión total: el nuevo método revolucionario para nadar mejor, más rápido y fácilmente 
250 |a 1a. ed 
300 |a 324 p 
942 |c BK 
945 |d 20081120 00:00:00  |a jtorresc 
260 |a Barcelona  |b Paidotribo  |c 2006 
650 7 |a DEPORTES ACUATICOS  |2 CL-VaPUC  |9 262007 
650 0 |a Natación  |9 307454 
650 7 |a ENTRENAMIENTO ATLETICO  |2 CL-VaPUC  |9 533302 
650 0 |a Competencias  |9 341916 
583 |a last modification  |c 20081120 00:00:00  |k Rodrigo Vera 
999 |c 332026  |d 332024 
952 |0 0  |1 0  |4 0  |6 797_210000000000000_LAU_2006  |7 0  |8 A  |9 419365  |a BIBEDU  |b BIBEDU  |d 2019-11-22  |i 4497759  |o 797.21 LAU 2006  |p 4497759  |r 2019-11-22  |w 2019-11-22  |y BK  |k EFI 
952 |0 0  |1 0  |4 0  |6 797_210000000000000_LAU_2006  |7 0  |8 A  |9 419366  |a BIBEDU  |b BIBEDU  |d 2019-11-22  |i 4497767  |l 1  |o 797.21 LAU 2006  |p 4497767  |r 2024-04-08  |s 2024-04-08  |w 2019-11-22  |y BK  |k EFI 
952 |0 0  |1 0  |4 0  |6 797_210000000000000_LAU_2006  |7 0  |8 C  |9 419367  |a BIBCUR  |b BIBCUR  |d 2019-11-22  |i 4708407  |o 797.21 LAU 2006  |p 4708407  |r 2025-04-22  |w 2019-11-22  |y BK  |k DEN